| 000 | 00580nam a2200181Ia 4500 | ||
|---|---|---|---|
| 003 | PILC | ||
| 005 | 20160218124820.0 | ||
| 008 | 140529s9999 xx 000 0 und d | ||
| 020 | _a9780802867186 | ||
| 050 |
_aBS 476 _b.Sp68 2012 |
||
| 100 | _aSparks, Kenton L. | ||
| 245 |
_aSacred word, broken word : _bbiblical authority and the dark side of Scripture / _cKenton L. Sparks. |
||
| 260 |
_aMichigan : _bW.B. Eerdmans Pub. Co., _c2012. |
||
| 300 |
_a180 pages ; _c23 cm. |
||
| 500 | _aIncludes bibliographical references and index. | ||
| 942 |
_kFOR _cBK _2lcc |
||
| 999 |
_c117763 _d117763 |
||